[Event "Faxe Dags EMT 2013"]
[Site "Faxe"]
[Date "2013.05.29"]
[Round "7"]
[White "Strandsbjerg, Jens"]
[Black "Kjeldgaard, Lennart"]
[Result "1/2-1/2"]
[WhiteElo "1612"]
[BlackElo "1524"]
[PlyCount "111"]
[EventDate "2013.??.??"]

1. d4 Nf6 2. c4 d6 3. Nc3 g6 4. e4 Bg7 5. Be2 O-O 6. Be3 c6 7. Nf3 Bg4 8. Nd2
Bxe2 9. Qxe2 Nbd7 10. O-O a6 11. a4 Qc7 12. f4 e6 13. e5 Ne8 14. Nde4 d5 15.
Ng5 h6 16. Nf3 dxc4 17. Qxc4 Nb6 18. Qe2 Qd7 19. Rad1 Nd5 20. Nxd5 Qxd5 21. Qd2
Kh7 22. Qb4 b5 23. Rc1 a5 24. Qc5 Ra6 25. axb5 cxb5 26. Qxd5 exd5 27. Rc5 Rb6
28. Rxd5 Nc7 29. Rc5 Na6 30. Rcc1 Rb7 31. d5 Rd8 32. d6 Nb8 33. Rc7 Rd7 34.
Rfc1 Na6 35. Rxb7 Rxb7 36. Rc6 Nb4 37. Rc7 Rb8 38. d7 Rd8 39. Bc5 Nd5 40. Rb7
b4 41. Nd4 Nxf4 42. Nc6 Rxd7 43. Rxd7 Ne6 44. Bb6 a4 45. Rxf7 a3 46. bxa3 bxa3
47. Ra7 h5 48. Rxa3 Kh6 49. Rd3 Kg5 50. Rf3 h4 51. Be3+ Kh5 52. h3 Bh8 53. Rf7
Ng7 54. e6 g5 55. Rxg7 g4 56. hxg4# 1/2-1/2

[Event "Faxe Dags EMT 2013"]
[Site "Faxe"]
[Date "2013.05.29"]
[Round "7"]
[White "Wehlast, Svend Erik"]
[Black "Hansen, Borge"]
[Result "1/2-1/2"]
[WhiteElo "1498"]
[BlackElo "1478"]
[PlyCount "73"]
[EventDate "2013.??.??"]

1. Nf3 d5 2. d4 e6 3. e3 Nf6 4. a3 c5 5. Bb5+ Bd7 6. Bxd7+ Nbxd7 7. O-O Be7 8.
dxc5 Nxc5 9. b4 Nce4 10. Bb2 O-O 11. Nc3 Rc8 12. Nxe4 Nxe4 13. Nd2 Nxd2 14.
Qxd2 Rc4 15. Bd4 b6 16. f4 f5 17. Qe2 Qe8 18. c3 Bf6 19. Qd2 Rf7 20. a4 Qc6 21.
Rfc1 Bd8 22. Ra2 Be7 23. Raa1 Bf8 24. Qe1 Rc7 25. b5 Qd7 26. Be5 Bd6 27. Bd4
Qc8 28. Qg3 Qd7 29. Qe1 Bc5 30. Be5 Rc8 31. Bd4 Ra8 32. Ra2 a6 33. Rca1 a5 34.
h3 Rc8 35. Be5 Bd6 36. Bd4 Bc5 37. Be5 1/2-1/2

[Event "Faxe Dags EMT 2013"]
[Site "Faxe"]
[Date "2013.05.29"]
[Round "7"]
[White "Andersen, Hans Poul"]
[Black "Christoffersen, Ib"]
[Result "1-0"]
[WhiteElo "1236"]
[BlackElo "1441"]
[PlyCount "120"]
[EventDate "2013.??.??"]

1. e4 e5 2. Bc4 Nf6 3. d3 h6 4. Nf3 Nc6 5. Bd2 Bc5 6. h3 d6 7. a3 O-O 8. Nc3
Ne7 9. Na4 Bb6 10. Nxb6 axb6 11. O-O c6 12. Bb3 Ng6 13. c4 c5 14. Bc2 Nh7 15.
b4 Be6 16. Bc3 Qf6 17. Bd2 Ne7 18. b5 Ng6 19. a4 Nf4 20. Bxf4 exf4 21. Kh2 g5
22. Ng1 g4 23. g3 f3 24. h4 Kh8 25. Qd2 Rg8 26. Ra3 Nf8 27. Qc3 Qe5 28. Qxe5+
dxe5 29. Re1 Nd7 30. Re3 Nf6 31. Nxf3 gxf3 32. Rxf3 Ng4+ 33. Kg1 h5 34. Ra1 Nh6
35. Re3 f5 36. exf5 Nxf5 37. Rxe5 Nd4 38. Rxh5+ Kg7 39. Bd1 Kf7 40. Rh7+ Rg7
41. Rxg7+ Kxg7 42. Kg2 Bf5 43. Ra3 Re8 44. Bf3 Re7 45. g4 Bh7 46. a5 Rf7 47.
Bd5 Re7 48. axb6 Nc2 49. Ra7 Bxd3 50. Rxb7 Rxb7 51. Bxb7 Bxc4 52. Bc6 Nb4 53.
Kg3 Bd5 54. b7 Bxc6 55. b8=Q Bd5 56. Qc7+ Bf7 57. Qxc5 Nd5 58. b6 Nf6 59. f3
Bd5 60. Qc7+ Bf7 1-0

[Event "Faxe Dags EMT 2013"]
[Site "Faxe"]
[Date "2013.05.29"]
[Round "7"]
[White "Brinkhard, Anders"]
[Black "Eriksen, Knud Ejler"]
[Result "1-0"]
[WhiteElo "1518"]
[BlackElo "1203"]
[PlyCount "99"]
[EventDate "2013.??.??"]

1. Nf3 Nf6 2. c3 d5 3. d4 Bg4 4. Nbd2 e6 5. h3 Bh5 6. e3 Bg6 7. Ne5 Bh5 8. Be2
Bxe2 9. Qxe2 Nbd7 10. Nxd7 Qxd7 11. e4 dxe4 12. Nxe4 Be7 13. O-O O-O 14. Bf4 c6
15. Rfe1 Nxe4 16. Qxe4 Bf6 17. Re2 Rfe8 18. Be5 Bxe5 19. Qxe5 Qd5 20. Qxd5 exd5
21. Rae1 Rxe2 22. Rxe2 Kf8 23. Kf1 g5 24. Re5 h6 25. g4 Re8 26. Rxe8+ Kxe8 27.
Ke2 Ke7 28. Ke3 f6 29. f4 gxf4+ 30. Kxf4 Ke6 31. h4 Kf7 32. Kf5 b5 33. b4 a6
34. a3 Kg7 35. Ke6 Kg6 36. Kd6 f5 37. gxf5+ Kxf5 38. Kxc6 Kg4 39. Kxd5 Kxh4 40.
Ke4 Kg3 41. d5 h5 42. d6 h4 43. d7 h3 44. d8=Q h2 45. Qg5+ Kf2 46. Qe3+ Kg2 47.
Qe2+ Kh3 48. Qf1+ Kg3 49. Qh1 Kh3 50. Kd5 1-0

[Event "Faxe Dags EMT 2013"]
[Site "Faxe"]
[Date "2013.05.29"]
[Round "7"]
[White "Hansen, Arne Mandrup"]
[Black "Toftvang, Ove"]
[Result "1-0"]
[WhiteElo "1276"]
[BlackElo "1255"]
[PlyCount "153"]
[EventDate "2013.??.??"]

1. d4 d5 2. Nf3 Nf6 3. g3 g6 4. Bg2 Bg7 5. c4 O-O 6. O-O dxc4 7. Na3 c6 8. Nxc4
Nbd7 9. e3 b5 10. Nce5 Bb7 11. Nd3 a5 12. Qc2 Rc8 13. Nfe5 Nd5 14. a3 Ba8 15.
Nxd7 Qxd7 16. Nc5 Qd8 17. Bd2 e6 18. Rad1 Re8 19. f4 f5 20. Bc1 Nf6 21. Bf3 h5
22. h4 a4 23. Kh1 Qb6 24. Bd2 Bf8 25. Bb4 Qa7 26. Qd2 Nd5 27. Kg2 Nxb4 28. Qxb4
Bxc5 29. dxc5 Rcd8 30. Rd4 Qc7 31. Rfd1 e5 32. Rd6 Rxd6 33. Rxd6 e4 34. Be2 Kh7
35. Qd4 Qg7 36. Rd7 Re7 37. Rxe7 Qxe7 38. Qd6 Qg7 39. Qe5 Bb7 40. Qxg7+ Kxg7
41. Bd1 Kf7 42. b3 Bc8 43. bxa4 bxa4 44. Bxa4 Bb7 45. Kf2 Ke7 46. Ke2 Kd7 47.
Kd2 Ba6 48. Bb3 Bb7 49. Bf7 Ke7 50. Bxg6 Bc8 51. Bxh5 Be6 52. Be2 Bb3 53. Kc3
Ba4 54. Bc4 Kf6 55. Bb3 Bb5 56. a4 Ba6 57. a5 Kg6 58. Bc4 Bb7 59. a6 Ba8 60. a7
Kh5 61. Kb4 Kg4 62. Ka5 Kxg3 63. h5 Kf3 64. h6 Kxe3 65. h7 Kd4 66. h8=Q+ Kxc4
67. Qxa8 e3 68. Qe8 Kxc5 69. a8=Q Kd4 70. Qaxc6 Kd3 71. Qce6 Kd2 72. Qxe3+ Kc2
73. Qc8+ Kd1 74. Qd7+ Kc2 75. Qdd2+ Kb1 76. Qb3+ Ka1 77. Qdb2# 1-0

[Event "Faxe Dags EMT 2013"]
[Site "Faxe"]
[Date "2013.05.29"]
[Round "7"]
[White "Adrian, Michael"]
[Black "Jakobsen, Henning"]
[Result "1-0"]
[WhiteElo "1325"]
[BlackElo "1295"]
[PlyCount "63"]
[EventDate "2013.??.??"]

1. f4 Nf6 2. Nf3 d6 3. e3 Bg4 4. b3 g6 5. Bb2 Bg7 6. Nc3 O-O 7. h3 Bxf3 8. Qxf3
c6 9. O-O-O Nbd7 10. h4 h5 11. d4 d5 12. f5 Ng4 13. Bd3 Bh6 14. Rde1 Kg7 15.
Kb1 Kh7 16. e4 e5 17. Nd1 Bd2 18. Re2 Bf4 19. g3 Bh6 20. Nf2 Nxf2 21. Qxf2 Bg7
22. Rg1 Bf6 23. Qe3 Rg8 24. Rh2 Rg7 25. exd5 cxd5 26. dxe5 Qb6 27. Qxb6 axb6
28. exf6 Rgg8 29. fxg6+ fxg6 30. Re2 Nc5 31. Re7+ Kh6 32. Bc1+ 1-0